| 000 | 00576nam a22001697a 4500 | ||
|---|---|---|---|
| 005 | 20231114055533.0 | ||
| 008 | 231114b |||||||| |||| 00| 0 eng d | ||
| 020 | _a0409045624 ; 0409045616 | ||
| 041 | _aAfrikaans | ||
| 082 | _a345.3 NEE | ||
| 100 |
_aNeethling, J ; Potgieter, JM and Visser, PJ _lAfrikaans |
||
| 245 |
_aDeliktereg / _cJ Neethling, JM Potgieter and PJ Visser |
||
| 260 |
_aDurban : _bButterworths-Uitgewers (Edms) Bpk, _c1989 |
||
| 300 |
_bxii, 363 pages ; _c25,4 cm. |
||
| 650 |
_aLegal practice _bLaw |
||
| 942 |
_cBK _6ALISON_BN_VRIES |
||
| 999 |
_c590 _d590 |
||